书目信息 |
| 题名: |
网络传播学
|
|
| 作者: | 彭兰 著 | |
| 分册: | ||
| 出版信息: | 北京 中国人民大学出版社 2009.03 |
|
| 页数: | 422页 | |
| 开本: | 23cm | |
| 丛书名: | ||
| 单 册: | ||
| 中图分类: | G206 , TP393 | |
| 科图分类: | ||
| 主题词: | 计算机网络--传播学--教材 , 计算机网络 , 传播学 | |
| 电子资源: | ||
| ISBN: | 978-7-300-10376-1 | |
| 000 | 00858nam0 2200277 450 | |
| 001 | 010050005670 | |
| 005 | 20091207095237.01 | |
| 010 | @a978-7-300-10376-1@dCNY38.00 | |
| 100 | @a20090424d2009 em y0chiy0110 ea | |
| 101 | 0 | @achi |
| 102 | @aCN@b110000 | |
| 105 | @aak z 000yy | |
| 106 | @ar | |
| 200 | 1 | @a网络传播学@9wang luo chuan bo xue@f彭兰著 |
| 210 | @a北京@c中国人民大学出版社@d2009.03 | |
| 215 | @a422页@c图@d23cm | |
| 300 | @a21世纪传播学系列教材 | |
| 330 | @a本书内容包括:网络传播的技术基础;网络传播的渠道;网络传播的基本形态;网络传播的典型形式;网络传播的符号系统;网络中的专业新闻传播者等。 | |
| 606 | 0 | @a计算机网络@x传播学@j教材 |
| 606 | 0 | @a计算机网络 |
| 606 | 0 | @a传播学 |
| 690 | @aG206@v4 | |
| 690 | @aTP393@v4 | |
| 701 | 0 | @a彭兰@9peng lan@4著 |
| 801 | 0 | @aCN@bRENTIAN@c20091207 |
| 905 | @b20796571-75@dG206@e303@f5 | |
| 网络传播学/彭兰著.-北京:中国人民大学出版社,2009.03 |
| 422页:图;23cm |
| 21世纪传播学系列教材 |
| ISBN 978-7-300-10376-1:CNY38.00 |
| 本书内容包括:网络传播的技术基础;网络传播的渠道;网络传播的基本形态;网络传播的典型形式;网络传播的符号系统;网络中的专业新闻传播者等。 |
| ● |
| 相关链接 |
|
|
|
|
正题名:网络传播学
索取号:G206/303
 
预约/预借
| 序号 | 登录号 | 条形码 | 馆藏地/架位号 | 状态 | 备注 |
| 1 | 796571 | 207965718 | 第一样本阅览室/ [索取号:G206/303] | 在馆 | |
| 2 | 796572 | 207965727 | 第四借阅区/ [索取号:G206/303] | 在馆 | |
| 3 | 796573 | 207965736 | 第四借阅区/ [索取号:G206/303] | 在馆 | |
| 4 | 796574 | 207965745 | 第四借阅区/ [索取号:G206/303] | 在馆 | |
| 5 | 796575 | 207965754 | 密集书库-文学院/ [索取号:G206/303] | 在馆 |